APAH - African Artworks to Cultures - Statistics

General Stats
  • This quiz has been taken 13 times
  • The average score is 10 of 14
Answer Stats
Artwork Culture % Correct
Golden Stool Ashanti
100%
Great Mosque Djenne
100%
Female (Pwo) mask Chokwe
86%
Ikenga (shrine figure) Igbo
86%
Lukasa (memory board) Luba
86%
Bundu mask Mende
86%
Reliquary figure (byeri) Fang
71%
Wall plaque from Oba's palace Edo
57%
Power figure (Nksisi n'kondi) Kongo
57%
Ndop of King Mishe miSHyaang maMbul Kuba
57%
Aka elephant mask Bamileke
43%
Portrait mask (Mblo) Baule
43%
Great Zimbabwe Shona
43%
Veranda Post of enthroned king and senior wife Yoruba
43%
No matching quizzes found
Score Distribution
Percent of People with Each Score
Percentile by Number Answered
Your Score History
You have not taken this quiz